[Event "Smith & Williamson British Championships"]
[Site "Scarborough ENG"]
[Date "2004.08.04"]
[EventDate "2004.08.02"]
[Round "3"]
[Result "1/2-1/2"]
[White "James T Sherwin"]
[Black "Gawain Jones"]
[ECO "A04"]
[WhiteElo "2303"]
[BlackElo "2453"]
[PlyCount "148"]

1. Nf3 Nf6 2. e3 c5 3. c4 Nc6 4. Nc3 e6 5. d4 cxd4 6. exd4 d5
7. Bd3 dxc4 8. Bxc4 Be7 9. O-O O-O 10. a3 a6 11. Ba2 b5 12. d5
exd5 13. Nxd5 Nxd5 14. Bxd5 Bb7 15. Bf4 Qb6 16. Be3 Qd8
17. Rc1 Rc8 18. Re1 Bf6 19. b4 Qd7 20. Ng5 Ne5 21. Rxc8 Qxc8
22. Bxb7 Qxb7 23. Bc5 Rd8 24. Qe2 Bxg5 25. Qxe5 h6 26. Qf5 Bf6
27. h3 Qc6 28. Qb1 Qd5 29. Qc2 Qc4 30. Qf5 Bb2 31. Re3 Bxa3
32. Re4 Qc1+ 33. Kh2 Bb2 34. Rg4 Qc3 35. g3 Qf6 36. Qe4 Qe6
37. Qf3 Bf6 38. Re4 Qd7 39. h4 Re8 40. Rf4 Re6 41. Qa8+ Qe8
42. Qxe8+ Rxe8 43. Rf3 Be7 44. Bxe7 Rxe7 45. Rc3 h5 46. Kg2
Re4 47. Rc8+ Kh7 48. Rc6 Rxb4 49. Rxa6 Rc4 50. Rb6 Rc5 51. Kf3
g6 52. Ke3 Kg7 53. Kd4 Rc4+ 54. Kd3 Rc5 55. Kd4 Rf5 56. f4 Kf8
57. Rb7 Ke8 58. Ra7 Kf8 59. Rb7 Kg8 60. Rb8+ Kh7 61. Rb7 Kh6
62. Rb8 Kg7 63. Rb6 Kf8 64. Rb7 Ke8 65. Ra7 Rf6 66. Rb7 Rd6+
67. Ke3 Rd5 68. Ke4 Rf5 69. Kd3 Kf8 70. Kd2 Kg7 71. Rb6 Rc5
72. Kd3 Rd5+ 73. Ke3 Rc5 74. Kd2 Rd5+ 1/2-1/2

[Event "Smith & Williamson British Championships"]
[Site "Scarborough ENG"]
[Date "2004.08.05"]
[EventDate "2004.08.02"]
[Round "4"]
[Result "1-0"]
[White "Gawain Jones"]
[Black "Adam G Ashton"]
[ECO "C48"]
[WhiteElo "2453"]
[BlackElo "2270"]
[PlyCount "61"]

1. e4 e5 2. Nf3 Nc6 3. Nc3 Nf6 4. Bb5 Bd6 5. O-O O-O 6. d3 h6
7. h3 a6 8. Bxc6 dxc6 9. d4 Bb4 10. Nxe5 Bxc3 11. bxc3 Nxe4
12. Ba3 Re8 13. Qf3 Nf6 14. Rab1 Qd5 15. Qd3 b5 16. Ra1 Be6
17. f4 Qe4 18. f5 Bd5 19. Qd2 Qh4 20. Rae1 Ne4 21. Qe3 Qg5
22. Rf4 Nxc3 23. Qf2 f6 24. Rg4 Qh5 25. Qg3 fxe5 26. Rxg7+ Kh8
27. f6 Rg8 28. Qxc3 e4 29. Qg3 Rae8 30. Qxc7 Qf5 31. Rf1 1-0

[Event "Smith & Williamson British Championships"]
[Site "Scarborough ENG"]
[Date "2004.08.09"]
[EventDate "2004.08.02"]
[Round "7"]
[Result "1/2-1/2"]
[White "Simon J B Knott"]
[Black "Gawain Jones"]
[ECO "A04"]
[WhiteElo "2359"]
[BlackElo "2453"]
[PlyCount "36"]

1. Nf3 b5 2. e4 Bb7 3. Bxb5 Bxe4 4. d4 Nf6 5. O-O e6 6. c4 Be7
7. Nc3 Bb7 8. Re1 O-O 9. Rb1 d6 10. b4 a5 11. a3 axb4 12. axb4
Nbd7 13. d5 e5 14. Be3 Ng4 15. Bd2 Nb6 16. h3 Nf6 17. Be3 Ba6
18. Nd2 Bxb5 1/2-1/2

[Event "Smith & Williamson British Championships"]
[Site "Scarborough ENG"]
[Date "2004.08.10"]
[EventDate "2004.08.02"]
[Round "8"]
[Result "1-0"]
[White "Gawain Jones"]
[Black "Daniel Gormally"]
[ECO "B12"]
[WhiteElo "2453"]
[BlackElo "2479"]
[PlyCount "85"]

1. e4 c6 2. d4 d5 3. e5 Bf5 4. Be3 Qb6 5. Qc1 Nh6 6. f3 f6
7. Ne2 fxe5 8. dxe5 c5 9. Nf4 d4 10. Nd5 Qd8 11. Bxh6 Qxd5
12. Bf4 Nc6 13. Bb5 a6 14. c4 Qd7 15. Bxc6 Qxc6 16. O-O e6
17. Nd2 Be7 18. Re1 g5 19. Bg3 h5 20. Ne4 h4 21. Bf2 h3
22. Bg3 hxg2 23. Nd6+ Bxd6 24. exd6 Rh5 25. Qd2 Qxf3 26. Qxg2
Qxg2+ 27. Kxg2 Kd7 28. Re5 b6 29. Rae1 Rf8 30. R5e2 Bh3+
31. Kg1 Rh7 32. Rf2 Rhf7 33. Ree2 Bg4 34. Rxf7+ Rxf7 35. Rf2
Bf3 36. Kf1 g4 37. b4 Rf5 38. Rb2 e5 39. bxc5 bxc5 40. Ke1 Rf6
41. Kd2 Re6 42. Rb1 e4 43. Rb7+ 1-0

[Event "Harmonie"]
[Site "Groningen NED"]
[Date "2004.12.22"]
[EventDate "2004.12.21"]
[Round "2"]
[Result "1-0"]
[White "Merab Gagunashvili"]
[Black "Gawain Jones"]
[ECO "A56"]
[WhiteElo "2567"]
[BlackElo "2447"]
[PlyCount "151"]

1. d4 Nf6 2. c4 c5 3. e3 e6 4. Nc3 cxd4 5. exd4 Bb4 6. Bd3 Nc6
7. Nf3 d5 8. O-O dxc4 9. Bxc4 O-O 10. Bg5 Be7 11. Re1 h6
12. Bh4 Nd5 13. Bxd5 exd5 14. Bxe7 Nxe7 15. Qb3 Rb8 16. Qa3
Nc6 17. Ne5 Be6 18. Nxc6 bxc6 19. b3 Qg5 20. Re3 Rbe8 21. Qd6
Bf5 22. Rae1 Re6 23. Rxe6 fxe6 24. Qg3 Qd2 25. Rd1 Qc2 26. Qe3
Rc8 27. Re1 Kf7 28. h3 h5 29. Rc1 Qd3 30. Qxd3 Bxd3 31. Na4
Ke7 32. Nc5 Bf5 33. h4 Kd6 34. f4 Rb8 35. Kf2 Rb4 36. Ke3 Bg6
37. Rf1 Bf5 38. Rf3 Rb8 39. Kd2 Rf8 40. Rc3 Bh7 41. Re3 Bf5
42. Kc3 Rb8 43. Rg3 g6 44. Re3 Ke7 45. Re2 Bg4 46. Re1 Bf5
47. g3 Kd6 48. b4 Rb6 49. Re2 Bg4 50. Rb2 Bf5 51. Rb3 Kc7
52. Ra3 Kb8 53. Nd7+ Kb7 54. Nxb6 Kxb6 55. Ra5 a6 56. Rc5 Bh3
57. Kd2 Kc7 58. Ke2 Bg4+ 59. Ke3 Bh3 60. f5 gxf5 61. Kf4 Kd6
62. Rc3 Bg4 63. Re3 Bd1 64. Kg5 Ke7 65. Ra3 Be2 66. Rc3 Kd6
67. Kf6 Bg4 68. Re3 f4 69. gxf4 Kd7 70. Re5 Kd6 71. Rg5 Be2
72. Rg7 Bg4 73. Ra7 Be2 74. a3 Bd3 75. Kf7 Bb5 76. Re7 1-0

[Event "Harmonie"]
[Site "Groningen NED"]
[Date "2004.12.23"]
[EventDate "2004.12.21"]
[Round "3"]
[Result "0-1"]
[White "Gawain Jones"]
[Black "Yuri Kuzubov"]
[ECO "B23"]
[WhiteElo "2447"]
[BlackElo "2530"]
[PlyCount "78"]

1. e4 c5 2. Nc3 d6 3. f4 g6 4. Nf3 Bg7 5. Bc4 Nc6 6. O-O Nf6
7. Qe1 O-O 8. f5 Nd4 9. fxg6 Nxf3+ 10. Rxf3 hxg6 11. Qh4 e6
12. d3 Nh7 13. Qg3 d5 14. exd5 exd5 15. Bxd5 Bxc3 16. Qxg6+
Kh8 17. Bxf7 Bd4+ 18. Kh1 Qb6 19. Qh5 Be6 20. Bg6 Bg8 21. Bf4
Qe6 22. Raf1 Bg7 23. Be4 Rf6 24. Rh3 Raf8 25. Bxh7 Rh6
26. Bxg8 Rxf4 27. Rhf3 Qe2 28. Qf7 Rxf7 29. Bxf7 Rf6 30. Rh3+
Bh6 31. Rg1 Rxf7 32. Rxh6+ Kg7 33. Rh3 Rf1 34. Rg3+ Kf7 35. h4
Rxg1+ 36. Kxg1 Qxc2 37. Rf3+ Kg7 38. Kh2 Qxb2 39. Rg3+ Kh7 0-1

[Event "Harmonie"]
[Site "Groningen NED"]
[Date "2004.12.24"]
[EventDate "2004.12.21"]
[Round "4"]
[Result "0-1"]
[White "Gawain Jones"]
[Black "Andrey Zhigalko"]
[ECO "B40"]
[WhiteElo "2447"]
[BlackElo "2515"]
[PlyCount "148"]

1. e4 c5 2. Nf3 e6 3. d3 Nc6 4. g3 d6 5. Bg2 Nf6 6. O-O Be7
7. Qe2 O-O 8. e5 dxe5 9. Nxe5 Nxe5 10. Qxe5 Nd5 11. Nc3 Bf6
12. Qe1 b6 13. Ne4 Rb8 14. Qe2 Bb7 15. c4 Nc7 16. Nxf6+ Qxf6
17. Bf4 Bxg2 18. Kxg2 Qe7 19. Rfe1 Rbd8 20. Be5 Ne8 21. Bc3
Nd6 22. Qe5 Qb7+ 23. Kg1 Nf5 24. Re4 Rd6 25. Rd1 Qd7 26. Rg4
f6 27. Qe2 e5 28. Re4 Rd8 29. f4 exf4 30. Rxf4 Re8 31. Re4
Rxe4 32. Qxe4 Re6 33. Qf3 Re3 34. Qd5+ Qxd5 35. cxd5 Kf7
36. Kf2 Re7 37. d4 c4 38. g4 Ne3 39. Rc1 Nxd5 40. Bd2 b5
41. Kf3 g6 42. a4 a6 43. axb5 axb5 44. Ra1 b4 45. Ra5 c3
46. Bxc3 Rd7 47. Be1 Ne7 48. Ke3 f5 49. h3 Nc6 50. Rc5 Re7+
51. Kf2 Nxd4 52. Bxb4 Re2+ 53. Kf1 Rxb2 54. Bc3 Rb1+ 55. Kf2
Ne6 56. Ra5 Ng5 57. Kg2 Rb3 58. Ra7+ Ke6 59. gxf5+ gxf5
60. Ra6+ Kd5 61. Ra5+ Ke4 62. Ra4+ Ke3 63. Be5 Ne4 64. Ra1 Rb5
65. Ra3+ Ke2 66. Bf4 Rb2 67. Rf3 Rc2 68. Be5 Ke1+ 69. Kg1 Ng5
70. Bg3+ Ke2 71. Rxf5 Nf3+ 72. Kg2 Ke3+ 73. Kf1 Rc1+ 74. Kg2
Rg1+ 0-1

[Event "Harmonie"]
[Site "Groningen NED"]
[Date "2004.12.26"]
[EventDate "2004.12.21"]
[Round "5"]
[Result "1-0"]
[White "Erwin L'Ami"]
[Black "Gawain Jones"]
[ECO "A30"]
[WhiteElo "2516"]
[BlackElo "2447"]
[PlyCount "93"]

1. c4 c5 2. Nf3 Nc6 3. Nc3 Nd4 4. e3 Nxf3+ 5. Qxf3 g6 6. b3
Bg7 7. Bb2 d6 8. g4 Rb8 9. g5 Qd7 10. h4 b6 11. Bg2 Bb7
12. Qg3 a6 13. Rb1 h6 14. Ke2 Bxg2 15. Qxg2 Qb7 16. Qxb7 Rxb7
17. Rhd1 Kd7 18. Ne4 Bxb2 19. Rxb2 hxg5 20. hxg5 Rh4 21. f4 e5
22. Kf3 exf4 23. d4 cxd4 24. Rxd4 Ke7 25. Nxd6 Rd7 26. Nc8+
Ke6 27. Rxd7 Kxd7 28. Nxb6+ Kc6 29. Nd5 fxe3 30. Re2 Rh5
31. Kf4 Kd6 32. Rxe3 f6 33. gxf6 Rf5+ 34. Kg4 Nxf6+ 35. Nxf6
Rxf6 36. Rf3 Re6 37. Kg5 Ke7 38. a3 Rc6 39. Rc3 Kd6 40. Kf6
Kc5+ 41. Ke5 a5 42. Rd3 a4 43. Rd5+ Kb6 44. c5+ Kb5 45. b4 Rc8
46. Rd7 Rb8 47. Ra7 1-0

[Event "Harmonie"]
[Site "Groningen NED"]
[Date "2004.12.27"]
[EventDate "2004.12.21"]
[Round "6"]
[Result "1-0"]
[White "Gawain Jones"]
[Black "Friso Nijboer"]
[ECO "B23"]
[WhiteElo "2447"]
[BlackElo "2567"]
[PlyCount "77"]

1. e4 c5 2. Nc3 Nc6 3. Bb5 Nd4 4. Bc4 e6 5. Nge2 Nf6 6. O-O d5
7. exd5 exd5 8. Nxd5 Nxd5 9. Nxd4 cxd4 10. Qh5 Be7 11. Qxd5
O-O 12. Qxd8 Rxd8 13. Re1 Be6 14. Bxe6 fxe6 15. Rxe6 Kf7
16. Re2 d3 17. cxd3 Rac8 18. d4 Rxd4 19. d3 Rxd3 20. Be3 a5
21. Kf1 Rc6 22. Ree1 Bf6 23. Rad1 Rxd1 24. Rxd1 Ke6 25. b3 Rc2
26. Rd2 Rc1+ 27. Ke2 Rg1 28. Kf3 b5 29. Re2 Kf5 30. Bd2 g5
31. h3 h5 32. Re4 Ra1 33. g4+ hxg4+ 34. hxg4+ Kg6 35. Re6 b4
36. Be3 Rd1 37. Ra6 Rd5 38. Ke4 Re5+ 39. Kd3 1-0

[Event "Harmonie"]
[Site "Groningen NED"]
[Date "2004.12.28"]
[EventDate "2004.12.21"]
[Round "7"]
[Result "1-0"]
[White "Sipke Ernst"]
[Black "Gawain Jones"]
[ECO "A56"]
[WhiteElo "2521"]
[BlackElo "2447"]
[PlyCount "89"]

1. d4 Nf6 2. c4 c5 3. e3 g6 4. Nf3 Bg7 5. Nc3 O-O 6. Be2 cxd4
7. exd4 d5 8. O-O Nc6 9. Re1 Bg4 10. cxd5 Nxd5 11. h3 Bxf3
12. Bxf3 e6 13. Nxd5 exd5 14. Be3 Qa5 15. Qd3 Qb6 16. Red1
Rfd8 17. b3 Rac8 18. Rac1 Qb4 19. Bg4 f5 20. Bf3 Kh8 21. Kh1
Qd6 22. g3 Qd7 23. Kg2 Ne7 24. Bg5 h6 25. Bf4 Rxc1 26. Rxc1
Nc6 27. h4 Qf7 28. Be3 Rd6 29. Rc5 Qe6 30. a3 b6 31. Rc1 Rd7
32. Qa6 Ne7 33. Be2 Ng8 34. Qc8 Qf7 35. Rc6 Kh7 36. h5 g5
37. Bd3 Kh8 38. Bd2 f4 39. g4 Re7 40. Bf5 Re8 41. Qa6 Ne7
42. Rc7 Qf6 43. Bd3 f3+ 44. Kh3 Qxd4 45. Rxe7 1-0

[Event "Harmonie"]
[Site "Groningen NED"]
[Date "2004.12.29"]
[EventDate "2004.12.21"]
[Round "8"]
[Result "1-0"]
[White "Gawain Jones"]
[Black "Daan Brandenburg"]
[ECO "E32"]
[WhiteElo "2447"]
[BlackElo "2340"]
[PlyCount "117"]

1. d4 Nf6 2. c4 e6 3. Nc3 Bb4 4. Qc2 O-O 5. a3 Bxc3+ 6. Qxc3
b6 7. Bg5 Bb7 8. f3 h6 9. Bh4 d5 10. e3 Nbd7 11. Nh3 c5
12. cxd5 cxd4 13. Qxd4 e5 14. Qd1 Bxd5 15. Nf2 Be6 16. Be2 Qe7
17. O-O Rfd8 18. b4 g5 19. Bg3 Nh5 20. Qd2 f5 21. f4 gxf4
22. exf4 Nxg3 23. hxg3 e4 24. Rac1 Nf6 25. Qb2 Bf7 26. Nd1 Rd6
27. Ne3 Qd7 28. Qe5 Re8 29. Bb5 Rxe5 30. Bxd7 Re7 31. Rc8+ Kh7
32. Bxf5+ Bg6 33. Bxg6+ Kxg6 34. Nc4 Rd5 35. Ne5+ Kg7 36. Rfc1
e3 37. Re1 Ne4 38. g4 Nd6 39. Rd8 Rd2 40. Rxe3 Rd1+ 41. Kh2
Rd4 42. Nc6 Rxe3 43. Nxd4 Nf7 44. Nf5+ Kf6 45. Nxe3 Nxd8
46. Kg3 Ne6 47. Nd5+ Kf7 48. Kf3 Nd4+ 49. Ke4 Nc2 50. a4 Ke6
51. g3 Kd6 52. g5 hxg5 53. fxg5 Ke6 54. g6 Na1 55. g4 Nb3
56. g5 Nd2+ 57. Kf4 Nc4 58. Nf6 Ne5 59. g7 1-0

[Event "Harmonie"]
[Site "Groningen NED"]
[Date "2004.12.30"]
[EventDate "2004.12.21"]
[Round "9"]
[Result "1/2-1/2"]
[White "John van der Wiel"]
[Black "Gawain Jones"]
[ECO "B76"]
[WhiteElo "2493"]
[BlackElo "2447"]
[PlyCount "55"]

1. e4 c5 2. Nf3 d6 3. d4 cxd4 4. Nxd4 Nf6 5. Nc3 g6 6. Be3 Bg7
7. f3 Nc6 8. Qd2 O-O 9. O-O-O d5 10. exd5 Nxd5 11. Nxc6 bxc6
12. Bd4 Bxd4 13. Qxd4 Qc7 14. Bc4 Nb6 15. Be2 Be6 16. Qc5 Rfb8
17. g3 Qb7 18. Rd4 a5 19. Rhd1 Nd5 20. Na4 Ne3 21. R1d3 Nf5
22. Rf4 Qc7 23. a3 Rb5 24. Qc3 Rab8 25. Rd1 Rd5 26. Rxd5 Bxd5
27. Nc5 Ra8 28. Ra4 1/2-1/2

[Event "6th European Individual Championship"]
[Site "Warsaw POL"]
[Date "2005.06.21"]
[EventDate "2005.06.18"]
[Round "4"]
[Result "1-0"]
[White "Rasul Ibrahimov"]
[Black "Gawain Jones"]
[ECO "A04"]
[WhiteElo "2511"]
[BlackElo "2439"]
[PlyCount "93"]

1. Nf3 c5 2. c4 Nc6 3. Nc3 Nd4 4. e3 Nxf3+ 5. Qxf3 g6 6. b3
Bg7 7. Bb2 d6 8. g4 Nf6 9. h3 h5 10. g5 Nh7 11. Rg1 Rb8
12. O-O-O O-O 13. Nd5 e5 14. h4 Re8 15. d4 cxd4 16. Qg3 Be6
17. exd4 Bxd5 18. cxd5 exd4 19. Kb1 Qa5 20. Bc4 Rbc8 21. Qxd6
b5 22. Bd3 Red8 23. Qe7 Nf8 24. Rc1 Rd7 25. Qe4 Rc3 26. Bxc3
dxc3 27. f4 Qa3 28. Rg2 Qc5 29. b4 Qxd5 30. Qxd5 Rxd5 31. Rd1
Ne6 32. Bc2 Rxd1+ 33. Bxd1 Nxf4 34. Rf2 Nd3 35. Rf3 Nxb4
36. Bb3 Kh7 37. Rxf7 a6 38. Ra7 Kh8 39. a3 c2+ 40. Bxc2 Nxc2
41. Kxc2 Bd4 42. Rxa6 Kg7 43. Ra5 Bf2 44. Rxb5 Bxh4 45. a4 Bf2
46. Rb7+ Kg8 47. a5 1-0

[Event "6th European Individual Championship"]
[Site "Warsaw POL"]
[Date "2005.06.22"]
[EventDate "2005.06.18"]
[Round "5"]
[Result "1/2-1/2"]
[White "Gawain Jones"]
[Black "Michal Praszak"]
[ECO "B76"]
[WhiteElo "2439"]
[BlackElo "2261"]
[PlyCount "114"]

1. e4 c5 2. Nf3 d6 3. d4 cxd4 4. Nxd4 Nf6 5. Nc3 g6 6. Be3 Bg7
7. f3 O-O 8. Qd2 Nc6 9. O-O-O d5 10. exd5 Nxd5 11. Nxc6 bxc6
12. Bd4 Nxc3 13. Qxc3 Bh6+ 14. Be3 Bxe3+ 15. Qxe3 Qb6 16. Qxe7
Be6 17. Qa3 a5 18. Bd3 Qb4 19. Be4 Qxa3 20. bxa3 Rfc8 21. Rd6
Ra6 22. Rhd1 Kf8 23. Bd5 Bxd5 24. R1xd5 Ra7 25. Rc5 Ra6
26. Re5 Ra7 27. h4 h5 28. Kd2 a4 29. Kc3 Re7 30. Rxe7 Kxe7
31. Rd4 Ra8 32. Kb4 c5+ 33. Kxc5 Rc8+ 34. Kb4 Rxc2 35. g4 hxg4
36. Rxg4 Rxa2 37. Kxa4 Rf2 38. Rf4 Ke6 39. Kb4 f5 40. a4 Ke5
41. Rc4 Rxf3 42. a5 Rf1 43. a6 Rb1+ 44. Ka5 Kd5 45. Rc8 Ra1+
46. Kb6 Rb1+ 47. Kc7 Rc1+ 48. Kb7 Rb1+ 49. Kc7 Rc1+ 50. Kd7
Ra1 51. Rc6 f4 52. Rxg6 f3 53. Rf6 Ke5 54. Ke7 f2 55. Rxf2
Rxa6 56. h5 Rh6 57. Rh2 Kf5 1/2-1/2

[Event "6th European Individual Championship"]
[Site "Warsaw POL"]
[Date "2005.06.23"]
[EventDate "2005.06.18"]
[Round "6"]
[Result "1/2-1/2"]
[White "Jan Skurski"]
[Black "Gawain Jones"]
[ECO "B70"]
[WhiteElo "2299"]
[BlackElo "2439"]
[PlyCount "119"]

1. e4 c5 2. Nf3 d6 3. d4 cxd4 4. Nxd4 Nf6 5. Nc3 g6 6. Be2 Bg7
7. O-O O-O 8. Re1 Nc6 9. Nb3 Be6 10. Bf1 d5 11. Nc5 Bg4 12. f3
d4 13. Nb5 Bc8 14. c3 dxc3 15. Nxc3 Nd7 16. Nb3 b6 17. Be3
Nde5 18. Qe2 Nb4 19. Red1 Qe8 20. Nb5 Ba6 21. N3d4 Rc8 22. Qd2
Nc2 23. Rac1 Nxd4 24. Nxd4 Bxf1 25. Kxf1 Nc4 26. Qe2 Nxe3+
27. Qxe3 Qa4 28. Qb3 Qxb3 29. Nxb3 Bxb2 30. Rb1 Bf6 31. Rd2
Rfd8 32. Rbd1 Rxd2 33. Rxd2 a5 34. Ke2 Bg5 35. Rb2 Bf6 36. Rd2
Kf8 37. f4 e5 38. Rd6 Be7 39. Rxb6 Rc2+ 40. Kd3 Rxa2 41. fxe5
Rb2 42. Kc3 Rxg2 43. Nxa5 Bh4 44. Rb8+ Kg7 45. Nc4 Rxh2
46. Rb7 Rf2 47. e6 Rf6 48. Rxf7+ Rxf7 49. exf7 Kxf7 50. Kd3
Ke6 51. Nd2 Bf6 52. Nf3 h6 53. Ke3 g5 54. Nh4 h5 55. Nf3 g4
56. Kf4 Bg7 57. e5 Kd5 58. Nh4 Ke6 59. Kg5 Kxe5 60. Kxh5
1/2-1/2

[Event "6th European Individual Championship"]
[Site "Warsaw POL"]
[Date "2005.06.25"]
[EventDate "2005.06.18"]
[Round "7"]
[Result "1/2-1/2"]
[White "Gawain Jones"]
[Black "Robert Bugajski"]
[ECO "B81"]
[WhiteElo "2439"]
[BlackElo "2218"]
[PlyCount "110"]

1. e4 c5 2. Nf3 e6 3. d4 cxd4 4. Nxd4 Nf6 5. Nc3 d6 6. g4 h6
7. h4 Nc6 8. g5 hxg5 9. Bxg5 Qb6 10. Nb3 a6 11. Qd2 Bd7
12. O-O-O Qc7 13. f3 O-O-O 14. Qf2 Be8 15. Bh3 Kb8 16. f4 Rc8
17. f5 Bd7 18. Kb1 Be7 19. Rhg1 b5 20. Bf4 Nd8 21. Rge1 e5
22. Be3 Qb7 23. Na5 Qa8 24. Bg5 Nb7 25. Nxb7 Qxb7 26. Bg2 Bc6
27. Rh1 b4 28. Nd5 Bxd5 29. exd5 Rc7 30. Rd3 Rhc8 31. Rc1 a5
32. a3 Rc5 33. Rb3 Rb5 34. Bf1 Ne4 35. Qe3 Bxg5 36. hxg5 Qxd5
37. Ka1 Nc5 38. Bxb5 Nxb3+ 39. cxb3 Rxc1+ 40. Qxc1 Qxb5
41. Qd1 Qc5 42. axb4 axb4 43. Qh5 Qc7 44. Kb1 Qb7 45. Qg4 Qb5
46. g6 f6 47. Qh3 Qd7 48. Kc1 Kc7 49. Qg4 Qb5 50. Kc2 d5
51. Qh5 Qf1 52. Kd2 Qg2+ 53. Kc1 Qf1+ 54. Kd2 Qf4+ 55. Kd1
Qf1+ 1/2-1/2

[Event "6th European Individual Championship"]
[Site "Warsaw POL"]
[Date "2005.06.26"]
[EventDate "2005.06.18"]
[Round "8"]
[Result "1/2-1/2"]
[White "Arkadiusz Leniart"]
[Black "Gawain Jones"]
[ECO "A43"]
[WhiteElo "2279"]
[BlackElo "2439"]
[PlyCount "74"]

1. d4 Nf6 2. Nf3 c5 3. d5 b5 4. Bg5 Qb6 5. Bxf6 Qxf6 6. c3 d6
7. e4 a6 8. a4 b4 9. Qc2 Nd7 10. a5 Rb8 11. Bc4 g5 12. Qe2
bxc3 13. bxc3 g4 14. Nfd2 Bh6 15. Ra3 Ne5 16. Rb3 Rxb3
17. Bxb3 O-O 18. Nc4 Bd7 19. Nxe5 Qxe5 20. O-O f5 21. Qxa6 f4
22. f3 gxf3 23. gxf3 Kf7 24. Kh1 Bg7 25. Qe2 Qh5 26. a6 Ra8
27. Bc4 Bc8 28. Na3 Bf6 29. Qd3 Qh3 30. Nc2 Bh4 31. Ra1 Bg3
32. Qe2 Bxh2 33. Qxh2 Qxf3+ 34. Qg2 Qh5+ 35. Qh2 Qf3+ 36. Qg2
Qh5+ 37. Qh2 Qf3+ 1/2-1/2

[Event "6th European Individual Championship"]
[Site "Warsaw POL"]
[Date "2005.06.27"]
[EventDate "2005.06.18"]
[Round "9"]
[Result "1-0"]
[White "Gawain Jones"]
[Black "Alexander Kachur"]
[ECO "B43"]
[WhiteElo "2439"]
[BlackElo "2281"]
[PlyCount "47"]

1. e4 c5 2. Nf3 e6 3. d4 cxd4 4. Nxd4 a6 5. Nc3 b5 6. Bd3 d6
7. f4 Nf6 8. e5 dxe5 9. fxe5 Nd5 10. Ne4 Nb4 11. c3 Nxd3+
12. Qxd3 Qh4+ 13. g3 Qh5 14. Bg5 Nd7 15. Nf3 h6 16. Bh4 Bb7
17. O-O-O Bd5 18. Qe3 g5 19. Rxd5 exd5 20. Nf6+ Nxf6 21. exf6+
Kd8 22. Qb6+ Kc8 23. Qc6+ Kb8 24. g4 1-0

[Event "6th European Individual Championship"]
[Site "Warsaw POL"]
[Date "2005.06.29"]
[EventDate "2005.06.18"]
[Round "11"]
[Result "0-1"]
[White "Gawain Jones"]
[Black "Blazimir Kovacevic"]
[ECO "C05"]
[WhiteElo "2439"]
[BlackElo "2510"]
[PlyCount "168"]

1. e4 e6 2. d4 d5 3. Nd2 Nf6 4. e5 Nfd7 5. Bd3 c5 6. c3 Nc6
7. Ne2 a5 8. O-O cxd4 9. cxd4 Nb6 10. Nf3 h6 11. h4 a4 12. Nf4
Bd7 13. Re1 Nb4 14. Bb1 Nc4 15. h5 Qb6 16. a3 Nc6 17. Bc2 Qa7
18. Rb1 b5 19. b3 axb3 20. Rxb3 Bxa3 21. Bxa3 Nxa3 22. Bd3 Qa4
23. Bf1 Na5 24. Nd2 N3c4 25. Rg3 Qxd1 26. Rxd1 O-O 27. Nb3
Nxb3 28. Rxb3 Ra2 29. Nd3 Rfa8 30. Nb4 Ra1 31. Rbb1 Rxb1
32. Rxb1 Ra4 33. Nd3 Nd2 34. Rb2 Nxf1 35. Nc5 Ra7 36. Kxf1 Be8
37. g4 Kf8 38. Ke2 Ke7 39. Rb3 Ra2+ 40. Ke3 Ra7 41. Nd3 Kd8
42. Rc3 Bd7 43. Nb4 Ra4 44. Nd3 Ra1 45. Rb3 Kc7 46. Nc5 Bc6
47. Ke2 Ra2+ 48. Ke3 Kb6 49. Nd3 Ra4 50. Nb4 Bd7 51. Nd3 Be8
52. Nc1 Ra1 53. Nd3 Ka5 54. f3 Ra4 55. Nc5 Ra1 56. Nb7+ Kb6
57. Nc5 Bc6 58. Nd3 Ka5 59. Rc3 Kb6 60. Rb3 Bd7 61. Nc5 Be8
62. Nd3 Bc6 63. Nb4 Rc1 64. Nd3 Rc4 65. Nb2 Ka5 66. Kd3 b4
67. Kd2 Ba4 68. Nxc4+ dxc4 69. Re3 Bc6 70. f4 c3+ 71. Kd3 Ka4
72. f5 Kb3 73. d5 exd5 74. f6 gxf6 75. exf6 c2 76. Re1 Bd7
77. Kd2 Kb2 78. g5 hxg5 79. h6 Bf5 80. Rc1 b3 81. Rf1 Bg6
82. Rg1 Ka2 83. Rg4 b2 84. Kc3 c1=Q 0-1

[Event "6th European Individual Championship"]
[Site "Warsaw POL"]
[Date "2005.06.30"]
[EventDate "2005.06.18"]
[Round "12"]
[Result "0-1"]
[White "Thomas Michalczak"]
[Black "Gawain Jones"]
[ECO "B22"]
[WhiteElo "2369"]
[BlackElo "2439"]
[PlyCount "100"]

1. e4 c5 2. c3 Nf6 3. e5 Nd5 4. Nf3 e6 5. d4 cxd4 6. cxd4 d6
7. Bc4 Nc6 8. O-O Be7 9. exd6 Qxd6 10. Nc3 O-O 11. Re1 a6
12. Bb3 Nf6 13. Bg5 Rd8 14. d5 exd5 15. Nd4 Bd7 16. Qd2 Nxd4
17. Qxd4 Be6 18. Rad1 h6 19. Bh4 Rac8 20. h3 Qc5 21. Qe5 Ng4
22. Qg3 Bxh4 23. Qxh4 Nf6 24. Re5 Qc7 25. Qd4 Qc5 26. Qh4 Rd6
27. Rd3 Qc7 28. Qd4 Qb6 29. Qf4 d4 30. Na4 Qd8 31. Bxe6 fxe6
32. Nc5 Qb6 33. Rb3 Qc6 34. Rxb7 d3 35. Qg3 Qxb7 36. Nxb7 d2
37. Nxd6 d1=Q+ 38. Kh2 Qxd6 39. Ra5 Qxg3+ 40. Kxg3 Rc6 41. b4
Kf7 42. a4 Nd5 43. b5 axb5 44. Rxb5 Rc3+ 45. Kh2 Rc2 46. Kg3
Ra2 47. a5 Kf6 48. h4 Nc3 49. Rb4 Rxa5 50. Rf4+ Rf5 0-1

[Event "BELFORT YWCC BU18"]
[Site "Belfort (FRA)"]
[Date "2005.??.??"]
[EventDate "?"]
[Round "2.13"]
[Result "0-1"]
[White "Manuel Pena Gomez"]
[Black "Gawain Jones"]
[ECO "B75"]
[WhiteElo "2297"]
[BlackElo "2442"]
[PlyCount "80"]

1. e4 c5 2. Nf3 d6 3. d4 cxd4 4. Nxd4 Nf6 5. Nc3 g6 6. Be3 Bg7
7. f3 a6 8. Qd2 Nbd7 9. a4 b6 10. Bh6 Bxh6 11. Qxh6 Bb7
12. Be2 Qc7 13. O-O-O Nc5 14. Rhe1 Rc8 15. Kb1 Qd7 16. Bc4
Nxa4 17. Nxa4 Qxa4 18. e5 Qxc4 19. exd6 Nd5 20. dxe7 Kd7
21. Qd2 Kc7 22. b3 Qc3 23. Qc1 Kb8 24. Rd3 Qc7 25. c4 Nxe7
26. Qg5 Nc6 27. Nxc6+ Qxc6 28. Re7 Rc7 29. Qf4 Rhc8 30. Rdd7
g5 31. Qg3 f5 32. Rxh7 f4 33. Rxc7 Qg6+ 34. Kc1 Rxc7 35. Rh8+
Rc8 36. Rxc8+ Bxc8 37. Qe1 Qf6 38. Qb4 Bf5 39. Kd2 Qd4+
40. Ke2 Bd3+ 0-1

[Event "BELFORT YWCC BU18"]
[Site "Belfort (FRA)"]
[Date "2005.07.24"]
[EventDate "?"]
[Round "6.2"]
[Result "1/2-1/2"]
[White "Gawain Jones"]
[Black "Evgeny Tomashevsky"]
[ECO "C49"]
[WhiteElo "2442"]
[BlackElo "2555"]
[PlyCount "36"]

1. e4 e5 2. Nf3 Nc6 3. Nc3 Nf6 4. Bb5 Bb4 5. O-O O-O 6. d3 d6
7. Bg5 Bxc3 8. bxc3 Qe7 9. Re1 Nd8 10. d4 Ne6 11. Bc1 c5
12. Bf1 Rd8 13. a4 h6 14. d5 Nf8 15. Nd2 Ng6 16. Nc4 Nh7
17. Qh5 Nf6 18. Qd1 Nh7 1/2-1/2

[Event "BELFORT YWCC BU18"]
[Site "Belfort (FRA)"]
[Date "2005.??.??"]
[EventDate "?"]
[Round "7.4"]
[Result "1/2-1/2"]
[White "Mark Bluvshtein"]
[Black "Gawain Jones"]
[ECO "D07"]
[WhiteElo "2525"]
[BlackElo "2442"]
[PlyCount "115"]

1. d4 d5 2. c4 Nc6 3. cxd5 Qxd5 4. e3 e5 5. Nc3 Bb4 6. Bd2
Bxc3 7. bxc3 Nf6 8. c4 Qd6 9. d5 Ne7 10. Rb1 Ne4 11. Bb4 c5
12. dxc6 Qxd1+ 13. Rxd1 Nxc6 14. Ba3 Nc3 15. Ra1 Be6 16. Ne2
Na4 17. Rc1 O-O-O 18. Ng3 Rd7 19. c5 Rhd8 20. Ne4 Rd3 21. Bxd3
Rxd3 22. Nd6+ Kb8 23. Rb1 Nc3 24. Rxb7+ Ka8 25. O-O Rxd6
26. Rxa7+ Kxa7 27. cxd6 Kb7 28. Bb2 Nxa2 29. f4 Nab4 30. Bxe5
Nxe5 31. fxe5 Nd3 32. d7 Kc7 33. Rd1 Bc4 34. e6 fxe6 35. Ra1
Bd5 36. d8=Q+ Kxd8 37. Ra7 Be4 38. Rxg7 Bg6 39. h3 Ne5 40. Kf2
Nf7 41. Rg8+ Ke7 42. g4 Nd6 43. h4 Ne8 44. h5 Bc2 45. Kg3 Kf7
46. Rg5 Nf6 47. Ra5 Bd1 48. Ra7+ Kg8 49. h6 Bxg4 50. e4 Bh5
51. e5 Nd5 52. Rg7+ Kh8 53. Kh4 Bg6 54. Kg5 Bf5 55. Kh4 Bg6
56. Kg4 Bf5+ 57. Kg5 Bg6 58. Kg4 1/2-1/2

[Event "BELFORT YWCC BU18"]
[Site "Belfort (FRA)"]
[Date "2005.07.22"]
[EventDate "?"]
[Round "4.3"]
[Result "1/2-1/2"]
[White "Markus Ragger"]
[Black "Gawain Jones"]
[ECO "B22"]
[WhiteElo "2434"]
[BlackElo "2442"]
[PlyCount "36"]

1. e4 c5 2. c3 Nf6 3. e5 Nd5 4. Nf3 e6 5. d4 cxd4 6. cxd4 d6
7. Bc4 Nc6 8. O-O Be7 9. Qe2 O-O 10. Rd1 Na5 11. Bxd5 exd5
12. Nc3 Be6 13. Bf4 a6 14. Rac1 Re8 15. h3 Rc8 16. exd6 Bxd6
17. Bxd6 Qxd6 18. Re1 Nc6 1/2-1/2